<?xml version="1.0" encoding="UTF-8"?><?xml-stylesheet type="text/xsl" href="static/style.xsl"?><OAI-PMH xmlns="http://www.openarchives.org/OAI/2.0/" xmlns:xsi="http://www.w3.org/2001/XMLSchema-instance" xsi:schemaLocation="http://www.openarchives.org/OAI/2.0/ http://www.openarchives.org/OAI/2.0/OAI-PMH.xsd"><responseDate>2026-04-13T06:00:18Z</responseDate><request verb="GetRecord" identifier="oai:www.recercat.cat:11351/13042" metadataPrefix="marc">https://recercat.cat/oai/request</request><GetRecord><record><header><identifier>oai:recercat.cat:11351/13042</identifier><datestamp>2025-10-24T10:23:11Z</datestamp><setSpec>com_2072_378070</setSpec><setSpec>com_2072_378040</setSpec><setSpec>col_2072_378092</setSpec></header><metadata><record xmlns="http://www.loc.gov/MARC21/slim" xmlns:dcterms="http://purl.org/dc/terms/" xmlns:xsi="http://www.w3.org/2001/XMLSchema-instance" xmlns:doc="http://www.lyncode.com/xoai" xsi:schemaLocation="http://www.loc.gov/MARC21/slim http://www.loc.gov/standards/marcxml/schema/MARC21slim.xsd">
   <leader>00925njm 22002777a 4500</leader>
   <datafield ind2=" " ind1=" " tag="042">
      <subfield code="a">dc</subfield>
   </datafield>
   <datafield ind2=" " ind1=" " tag="720">
      <subfield code="a">Gisbert, Laura</subfield>
      <subfield code="e">author</subfield>
   </datafield>
   <datafield ind2=" " ind1=" " tag="720">
      <subfield code="a">Xaus , Jordi</subfield>
      <subfield code="e">author</subfield>
   </datafield>
   <datafield ind2=" " ind1=" " tag="720">
      <subfield code="a">Gutierrez Bezon, Sonia</subfield>
      <subfield code="e">author</subfield>
   </datafield>
   <datafield ind2=" " ind1=" " tag="720">
      <subfield code="a">Arévalo, M. Isabel</subfield>
      <subfield code="e">author</subfield>
   </datafield>
   <datafield ind2=" " ind1=" " tag="720">
      <subfield code="a">Ferrer Vinardel, Marc</subfield>
      <subfield code="e">author</subfield>
   </datafield>
   <datafield ind2=" " ind1=" " tag="720">
      <subfield code="a">Richarte, Vanesa</subfield>
      <subfield code="e">author</subfield>
   </datafield>
   <datafield ind2=" " ind1=" " tag="720">
      <subfield code="a">Ramos-Quiroga, Josep Antoni</subfield>
      <subfield code="e">author</subfield>
   </datafield>
   <datafield ind2=" " ind1=" " tag="260">
      <subfield code="c">2025-05-06T13:07:25Z</subfield>
   </datafield>
   <datafield ind2=" " ind1=" " tag="260">
      <subfield code="c">2025-05-06T13:07:25Z</subfield>
   </datafield>
   <datafield ind2=" " ind1=" " tag="260">
      <subfield code="c">2025-05</subfield>
   </datafield>
   <datafield ind2=" " ind1=" " tag="520">
      <subfield code="a">Aggression; Attention‐deficit/hyperactivity disorder; Borderline personality disorder</subfield>
   </datafield>
   <datafield ind2=" " ind1=" " tag="520">
      <subfield code="a">Agresión; Trastorno por déficit de atención e hiperactividad; Trastorno límite de la personalidad</subfield>
   </datafield>
   <datafield ind2=" " ind1=" " tag="520">
      <subfield code="a">Agressivitat; Trastorn per dèficit d'atenció i hiperactivitat; Trastorn límit de la personalitat</subfield>
   </datafield>
   <datafield ind2=" " ind1=" " tag="520">
      <subfield code="a">Aim&#xd;
Vafidemstat is a brain-penetrant, orally bioavailable, small molecule irreversible inhibitor of the histone lysine-specific demethylase KDM1A (also known as LSD1), which corrects memory deficits and behavior alterations including aggression and social interaction deficits in preclinical models.&#xd;
Methods&#xd;
Here, we report the results of REIMAGINE, a phase IIa, single-center, open-label, one-arm basket trial that evaluated the safety and efficacy of vafidemstat on aggression in adult patients with borderline personality disorder (BPD), attention-deficit/hyperactivity disorder (ADHD), and autistic spectrum disorder (ASD). Participants received 1.2 mg/day of vafidemstat for 8 weeks.&#xd;
Results&#xd;
Vafidemstat was shown to be safe and well tolerated, and no drug-related clinically significant adverse events were observed. Furthermore, all neuropsychiatric scales assessed showed notable efficacy signals, whether assessing agitation/aggression (Clinical Global Impression for Severity [CGI-S] and Clinical Global Impression for Improvement [CGI-I] and Neuropsychiatric Inventory [NPI] questionnaire for Agitation-Aggression [NPI-AA]), overall patient functioning (total NPI), or disease-specific features (Attention-Deficit/Hyperactivity Disorder Rating Scale [ADHD-RS] and Borderline Personality Disorder Checklist [BPDCL]). Statistically significant improvements were observed in the aggregated data (all participants) and for each of the three disease groups independently. Changes were evident within the first 2 weeks of treatment.&#xd;
Conclusion&#xd;
In summary, the REIMAGINE study supports that vafidemstat is safe, well tolerated, and causes a significant and consistent reduction in agitation/aggression and nonaggression features in BPD, ADHD, and ASD. These data support continuing the development of vafidemstat as a new treatment option for these psychiatric disorders.</subfield>
   </datafield>
   <datafield ind2=" " ind1=" " tag="520">
      <subfield code="a">This study was funded by Oryzon Genomics, S.A.</subfield>
   </datafield>
   <datafield ind1="8" ind2=" " tag="024">
      <subfield code="a">http://hdl.handle.net/11351/13042</subfield>
   </datafield>
   <datafield tag="653" ind2=" " ind1=" ">
      <subfield code="a">Agressivitat</subfield>
   </datafield>
   <datafield tag="653" ind2=" " ind1=" ">
      <subfield code="a">Trastorn límit de la personalitat - Tractament</subfield>
   </datafield>
   <datafield tag="653" ind2=" " ind1=" ">
      <subfield code="a">Trastorn per dèficit d'atenció amb hiperactivitat - Tractament</subfield>
   </datafield>
   <datafield tag="653" ind2=" " ind1=" ">
      <subfield code="a">Trastorns de l'espectre autista - Tractament</subfield>
   </datafield>
   <datafield tag="653" ind2=" " ind1=" ">
      <subfield code="a">Enzims - Inhibidors - Ús terapèutic</subfield>
   </datafield>
   <datafield tag="653" ind2=" " ind1=" ">
      <subfield code="a">PSYCHIATRY AND PSYCHOLOGY::Behavior and Behavior Mechanisms::Behavior::Behavioral Symptoms::Aggression</subfield>
   </datafield>
   <datafield tag="653" ind2=" " ind1=" ">
      <subfield code="a">PSYCHIATRY AND PSYCHOLOGY::Mental Disorders::Personality Disorders::Borderline Personality Disorder</subfield>
   </datafield>
   <datafield tag="653" ind2=" " ind1=" ">
      <subfield code="a">Other subheadings::Other subheadings::Other subheadings::/drug therapy</subfield>
   </datafield>
   <datafield tag="653" ind2=" " ind1=" ">
      <subfield code="a">CHEMICALS AND DRUGS::Chemical Actions and Uses::Pharmacologic Actions::Molecular Mechanisms of Pharmacological Action::Enzyme Inhibitors</subfield>
   </datafield>
   <datafield tag="653" ind2=" " ind1=" ">
      <subfield code="a">Other subheadings::Other subheadings::/therapeutic use</subfield>
   </datafield>
   <datafield tag="653" ind2=" " ind1=" ">
      <subfield code="a">PSYCHIATRY AND PSYCHOLOGY::Mental Disorders::Neurodevelopmental Disorders::Child Development Disorders, Pervasive::Autism Spectrum Disorder</subfield>
   </datafield>
   <datafield tag="653" ind2=" " ind1=" ">
      <subfield code="a">PSYCHIATRY AND PSYCHOLOGY::Mental Disorders::Neurodevelopmental Disorders::Attention Deficit and Disruptive Behavior Disorders::Attention Deficit Disorder with Hyperactivity</subfield>
   </datafield>
   <datafield tag="653" ind2=" " ind1=" ">
      <subfield code="a">PSIQUIATRÍA Y PSICOLOGÍA::conducta y mecanismos de la conducta::conducta::síntomas conductuales::agresión</subfield>
   </datafield>
   <datafield tag="653" ind2=" " ind1=" ">
      <subfield code="a">PSIQUIATRÍA Y PSICOLOGÍA::trastornos mentales::trastornos de la personalidad::trastorno de personalidad limítrofe</subfield>
   </datafield>
   <datafield tag="653" ind2=" " ind1=" ">
      <subfield code="a">Otros calificadores::Otros calificadores::Otros calificadores::/farmacoterapia</subfield>
   </datafield>
   <datafield tag="653" ind2=" " ind1=" ">
      <subfield code="a">COMPUESTOS QUÍMICOS Y DROGAS::acciones y usos químicos::acciones farmacológicas::mecanismos moleculares de acción farmacológica::inhibidores enzimáticos</subfield>
   </datafield>
   <datafield tag="653" ind2=" " ind1=" ">
      <subfield code="a">Otros calificadores::Otros calificadores::/uso terapéutico</subfield>
   </datafield>
   <datafield tag="653" ind2=" " ind1=" ">
      <subfield code="a">PSIQUIATRÍA Y PSICOLOGÍA::trastornos mentales::trastornos del desarrollo neurológico::trastornos generalizados del desarrollo del niño::trastorno del espectro del autismo</subfield>
   </datafield>
   <datafield tag="653" ind2=" " ind1=" ">
      <subfield code="a">PSIQUIATRÍA Y PSICOLOGÍA::trastornos mentales::trastornos del desarrollo neurológico::trastornos conductuales disruptivos y déficit de atención::trastornos de déficit de atención con hiperactividad</subfield>
   </datafield>
   <datafield ind2="0" ind1="0" tag="245">
      <subfield code="a">REIMAGINE: A central nervous system basket trial showing safety and efficacy of vafidemstat on aggression in different psychiatric disorders</subfield>
   </datafield>
</record></metadata></record></GetRecord></OAI-PMH>